00301 a2200145 450000100060000002000150000604000240002110000200004524000180006524500130008330000070009636200090010344000120011265000310012470289 a8508058195 cAnchieta - Itaigara aRagache, Gilles10aA Europalpor10aA Europa a480 a1996 1aÁtica 4aLiteratura infanto-juvenil